000 01439nam0a22003011 4500
001 rc\3818791
005 20250530063701.0
021 _aRU
_b[76-8229]
035 _a(NLR Aleph) 007274897
090 _a5448414
_c5448414
100 _a20120410d1975 |||y0rusy50 ca
101 0 _arus
102 _aRU
_aRU
105 _ay z |||||
200 1 _aВычислительные аспекты метода наименьших квадратов при анализе и планировании регрессионных экспериментов
_fА.Б. Успенский, В.В. Федоров
_gМоск. гос. ун-т им. М.В. Ломоносова, Межфак. лаб. стат. методов
210 _aМосква
_cИзд-во Моск. ун-та
_d1975
215 _a168 с.
_d21
320 _aСписок лит.: с. 146-153 (103 назв.)
606 _aЭксперимент
_xПланирование
_xМатематические методы
_2psbo
606 _aНаименьших квадратов способ
_2psbo
700 1 _7ca
_8rus
_aУспенский
_bА. Б.
_cд-р физ.-мат. наук, физика
_f1939-
_gАлександр Борисович
_9239906
_3RU\NLR\AUTH\770239962
701 1 _aФедоров
_bВ.В.
_gВалерий Вадимович
801 0 _aRU
_bNLR
_gpsbo
801 1 _aRU
_bELAR
_2rusmarc
852 _aNLR
_j/2137
942 _cBOOK
980 _aNB